TSG Hoffenheim: Alle Torschützen der 2000er - Statistiken

Allgemein
  • Dieses Quiz wurde 60 mal gespielt
  • Das Durchschnittsergebnis liegt bei 8 aus 17
Antwortstatistiken
Pos. Nat. Spieler % Korrekt
MIT BIH Sejad Salihovic
94%
ST BIH Vedad Ibisevic
92%
ST SEN Demba Ba
88%
ST NIG Chinedu Obasi
86%
MIT BRA Carlos Eduardo
72%
VER GER Marvin Compper
70%
VER AUT Andreas Ibertsberger
62%
VER CRO Josip Simunic
44%
ST CIV Boubacar Sanogo
42%
ST ESP Francisco Copado
32%
MIT ARG Franco Zuculini
32%
ST BRA Wellington
30%
MIT BRA Maicosuel
24%
MIT GER Boris Vukcevic
22%
MIT GHA Prince Tagoe
22%
MIT GER Selim Teber
22%
VER GER Christian Eichner
14%
Keine übereinstimmenden Quizze gefunden
Verteilung der Resultate
Anzahl Personen mit jedem Resultat
Perzentil nach korrekt beantworteten Fragen
Ihre Resultats-Entwicklung
Sie haben dieses Quiz noch nicht gespielt